000 00609nas a2200217 4500
001 BR9506872
003 BR-BrBNA
005 20231205094229.0
007 ta
008 230509b bl.|||p| |||| 00| 00por d
040 _aBR-BrBNA
_bpor
_cBiblioteca Nacional de Agricultura
041 _a(Pt)
072 _aF01
100 1 _aFerreira Filho, J.C.
245 1 _aCultura do linho (Linum usitatissimum L.)
650 _aLinho
650 _aPratica Cultural
773 0 _tAgronomia (Brazil)
_x
_g(Jan-Mar 1952), v. 11(1) p. 5-22
_wBR9506872
909 _a202311
_bLúcia
_c55
_dLúcia Elande
942 _2AGRIS
_n0
_cANA
999 _c142953
_d142953